000 00849nam a2200217Ia 4500
005 20241129111415.0
008 241129s9999||||xx |||||||||||||| ||und||
020 _a978-81-19141-05-0
037 _aTB
040 _aCRL
_bhin
_cCRL
041 _ahin
_2hin
084 _aO157,2M61x 152R3
_qCRL
100 _aबनर्जी, अनुराधा, अनु.
245 0 _aरवीन्द्रनाथ ठाकुर के तीन नाटक: अचलायतन, मुक्तधारा, चंडालिका
_cबनर्जी, अनुराधा, अनु.
260 _aदिल्ली, भारत
_bअनन्य प्रकाशन
_c2023
300 _a192पृ0
365 _aINR
_b450
650 _aBengali Poetry
942 _cTB
_hO157,2M61x 152R3
999 _c1230328
_d1230328